Konsumstruktur, Umweltbewußtsein und Umweltpolitik : Eine Makroökonomische Analyse des Zusammenhanges in Ausgewählten Konsumbereichen.

Bibliographic Details
Main Author: Wenke, Martin.
Format: eBook
Language:German
Published: Berlin : Duncker & Humblot, 1993.
Edition:1st ed.
Series:Schriften des Rheinisch-Westfälischen Instituts Für Wirtschaftsforschung Series
Subjects:
Online Access:Click to View
LEADER 04618nam a22003973i 4500
001 EBC7101074
003 MiAaPQ
005 20240729202203.0
006 m o d |
007 cr cnu||||||||
008 240729s1993 xx o ||||0 ger d
020 |a 9783428478200  |q (electronic bk.) 
020 |z 9783428078202 
035 |a (MiAaPQ)EBC7101074 
035 |a (Au-PeEL)EBL7101074 
035 |a (OCoLC)1347024045 
040 |a MiAaPQ  |b eng  |e rda  |e pn  |c MiAaPQ  |d MiAaPQ 
100 1 |a Wenke, Martin. 
245 1 0 |a Konsumstruktur, Umweltbewußtsein und Umweltpolitik :  |b Eine Makroökonomische Analyse des Zusammenhanges in Ausgewählten Konsumbereichen. 
250 |a 1st ed. 
264 1 |a Berlin :  |b Duncker & Humblot,  |c 1993. 
264 4 |c {copy}1993. 
300 |a 1 online resource (129 pages) 
336 |a text  |b txt  |2 rdacontent 
337 |a computer  |b c  |2 rdamedia 
338 |a online resource  |b cr  |2 rdacarrier 
490 1 |a Schriften des Rheinisch-Westfälischen Instituts Für Wirtschaftsforschung Series 
505 0 |a Intro -- Vorwort -- Inhaltsverzeichnis -- Verzeichnis der Tabellen -- Verzeichnis der Übersichten -- Verzeichnis der Schaubilder -- Gegenstand der Untersuchung -- Erstes Kapitel: Umweltbewußtsein und Verbraucherverhalten -- 1. Charakterisierung umweltbewußten Konsumverhaltens -- 2. Erklärungsansätze umweltbewußten Konsumentenverhaltens -- 2.1. Exkurs: Zur Begründung einer interdisziplinären Vorgehensweise -- 2.2. Erklärungsansätze im Rahmen der traditionellen Konsumtheorie -- 2.3. Erklärungsansätze im Rahmen der soziologischen und psychologischen Verhaltensforschung -- 2.4. Möglichkeiten der Verbindung ökonomischer und soziologisch/psychologischer Ansätze -- 2.4.1. Das Modell von Etzioni -- 2.4.2. Das Modell von Antonides -- Zweites Kapitel: Konsumstruktur und Umweltbelastung -- 1. Die Nachfrage nach "umweltsensiblen" Produkten -- 2. Die Bedeutung umweltverträglicher Produkte -- 3. Umweltwirkungen einer veränderten Konsumstruktur -- Drittes Kapitel: Empirische Analyse des Zusammenhangs zwischen Nachfrageverhalten und Umweltbewußtsein -- 1. Die Wahl des Datenmaterials -- 2. Die Wahl des Schätzverfahrens -- 3. Auswahl der Teststatistiken und Prüfmaße -- 4. Zur Interpretation der Schätzergebnisse -- Viertes Kapitel: Nachfrageverhalten und Umweltbewußtsein in ausgewählten umweltrelevanten Konsumbereichen -- 1. Problembereich Haushaltschemikalien -- 1.1. Niveau und Struktur von Produktion und Nachfrage -- 1.2. Der Einfluß des Umweltbewußtseins auf die Nachfrage nach Haushaltschemikalien -- 2. Die Entwicklung im Bereich der Getränkeverpackungen -- 2.1. Entwicklungstendenzen des Getränkeverpackungsaufkommens -- 2.2. Determinanten des Getränkeverpackungsaufkommens - ein Getränkeverpackungsmodell -- 2.2.1. Modellstruktur und Schätzergebnisse. 
505 8 |a 2.2.2. Auswirkungen einer Verpackungsabgabe auf Niveau und Struktur des Getränkeverpackungsaufkommens - Ergebnisse einer Simulationsrechnung -- 3. Das Verkehrsverhalten der privaten Haushalte -- 3.1. Entwicklungstendenzen der Verkehrsleistungsnachfrage privater Haushalte -- 3.2. Modellierung der Verkehrsleistungsnachfrage -- 3.2.1. Modellstruktur und Schätzergebnisse -- 3.2.2. Auswirkungen einer Erhöhung der Kraftstoffpreise auf Niveau und Struktur der Verkehrsleistungsnachfrage der privaten Haushalte - Ergebnisse einer Simulationsrechnung -- Fünftes Kapitel: Umweltpolitik und Konsumentenverhalten -- 1. Instrumente umweltbezogener Verbraucherpolitik -- 2. Zur Problematik des Umweltzeichens -- 3. Verpackungsverordnung und "Duales Abfallsystem -- 4. Umweltpolitische Optionen zur Beeinflussung der Verkehrsleistungsnachfrage der privaten Haushalte -- 4.1. Ordnungs- und preispolitische Maßnahmen -- 4.2. Infrastrukturmaßnahmen -- 4.3. Zusammenfassende Bewertung -- Sechstes Kapitel: Schlußfolgerungen -- Tabellenanhang -- Literaturverzeichnis. 
588 |a Description based on publisher supplied metadata and other sources. 
590 |a Electronic reproduction. Ann Arbor, Michigan : ProQuest Ebook Central, 2024. Available via World Wide Web. Access may be limited to ProQuest Ebook Central affiliated libraries.  
655 4 |a Electronic books. 
776 0 8 |i Print version:  |a Wenke, Martin  |t Konsumstruktur, Umweltbewußtsein und Umweltpolitik  |d Berlin : Duncker & Humblot,c1993  |z 9783428078202 
797 2 |a ProQuest (Firm) 
830 0 |a Schriften des Rheinisch-Westfälischen Instituts Für Wirtschaftsforschung Series 
856 4 0 |u https://ebookcentral.proquest.com/lib/matrademy/detail.action?docID=7101074  |z Click to View